书目信息 |
| 题名: |
大学英语作文语言与技巧
|
|
| 作者: | 汪福祥 著 | |
| 分册: | ||
| 出版信息: | 北京 外文出版社 2002.01 |
|
| 页数: | 305页 | |
| 开本: | 21cm | |
| 丛书名: | ||
| 单 册: | ||
| 中图分类: | H315 | |
| 科图分类: | ||
| 主题词: | 英语--写作--高等学校--教学参考资料 | |
| 电子资源: | ||
| ISBN: | 7-119-02991-6 | |
| 000 | 00929nam0 2200241 450 | |
| 001 | 0179904938 | |
| 005 | 20050916152420.09 | |
| 010 | @a7-119-02991-6@dCNY17.00 | |
| 100 | @a20050316d2002 km y0chiy0120 ea | |
| 101 | 0 | @achi@aeng |
| 102 | @aCN@b110000 | |
| 105 | @ay z 000yy | |
| 200 | 1 | @a大学英语作文语言与技巧@Ada xue ying yu zuo wen yu yan yu ji qiao@d= College composition writing,language and skills@f汪福祥著@Fwang fu xiang zhu@zeng |
| 210 | @a北京@c外文出版社@d2002.01 | |
| 215 | @a305页@d21cm | |
| 330 | @a本书内容包括:句子的结构及结构变化,句子与句子的有效衔接,论点和论据的有机配合,段落构思与设计,篇章总体结构的设计,以及思想或信息的组织等等。 | |
| 333 | @a大学生。 | |
| 510 | 1 | @aCollege composition writing,language and skills@zeng |
| 606 | 0 | @a英语@x写作@x高等学校@x教学参考资料 |
| 690 | @aH315@v4 | |
| 701 | 0 | @a汪福祥@Awang fu xiang@4著 |
| 801 | 0 | @aCN@bQSSK@c20050916 |
| 905 | @a10447@dH315@eW057 | |
| 大学英语作文语言与技巧= College composition writing,language and skills/汪福祥著.-北京:外文出版社,2002.01 |
| 305页;21cm |
| 使用对象:大学生。 |
| ISBN 7-119-02991-6:CNY17.00 |
| 本书内容包括:句子的结构及结构变化,句子与句子的有效衔接,论点和论据的有机配合,段落构思与设计,篇章总体结构的设计,以及思想或信息的组织等等。 |
| ● |
| 相关链接 |
|
|
|
正题名:大学英语作文语言与技巧
索取号:H315/W057
 
预约/预借
| 序号 | 登录号 | 条形码 | 馆藏地/架位号 | 状态 | 备注 |
| 1 | 570330 | 205703309 | 语言库209/209语言库 38排1列1层/ [索取号:H315/W057] | 在馆 | |
| 2 | 570331 | 205703318 | 语言库209/209语言库 38排1列1层/ [索取号:H315/W057] | 在馆 | |
| 3 | 570332 | 205703327 | 语言库209/209语言库 38排1列1层/ [索取号:H315/W057] | 在馆 |